| 000 | 01367cam a22003737a 4500 | ||
|---|---|---|---|
| 003 | CHAP | ||
| 005 | 20220329141829.0 | ||
| 008 | 971124d1997 mx r 00110 spa d | ||
| 010 | _a74489 | ||
| 011 | _a75461 | ||
| 035 | _a85025 | ||
| 040 | _cCHAP | ||
| 090 | _aTesis | ||
| 100 | 0 | 0 |
_aRamírez Ledesma, María de la Luz. _994089 |
| 245 | 1 | 0 |
_aControl químico de la maleza en nopal (Opuntia ficus-indica) en la Purificación, Texcoco, México _c/por María de la Luz Ramírez Ledesma |
| 260 |
_aChapingo, Méx. : _bEl autor, _c1997. |
||
| 300 | _a36 h. | ||
| 502 | _aTesis (Ing. Agr. Esp. en Parasitología Agrícola) -- UACH. Departamento de Parasitología Agrícola | ||
| 590 |
_aALEPH _b10 _c20130110 _lUCH01 _h1419 |
||
| 590 |
_aBATCH-UPD _b10 _c20130110 _lUCH01 _h0455 |
||
| 590 |
_aBATCH-UPD _b10 _c20130110 _lUCH01 _h2350 |
||
| 590 |
_aBATCH-UPD _b10 _c20130410 _lUCH01 _h0133 |
||
| 590 |
_aBATCH-UPD _b10 _c20130410 _lUCH01 _h1637 |
||
| 590 |
_aBATCH-UPD _b10 _c20130914 _lUCH01 _h1608 |
||
| 590 |
_aCONVERSION _b10 _c20130109 _lUCH01 _h1341 |
||
| 650 | 1 | 4 |
_aNopal _xMalas hierbas _xControl. _981681 |
| 650 | 1 | 4 |
_aNopal _zMéxico (Edo.). _981709 |
| 650 | 2 | 4 |
_aHerbicidas. _953691 |
| 901 | _aBK | ||
| 905 | _aLilia Sánchez G. | ||
| 942 | _cFOLL | ||
| 949 |
_bBC _cTES _d33724000638656 _eTS2 _fc.2 _h31702 _i85025 _si |
||
| 949 |
_bBC _cTES _d850251 _eTS1 _h31701 _i85025 _sb |
||
| 999 |
_c74489 _d74489 |
||